[Event "21st Czech GM Open"]
[Site "Pardubice CZE"]
[Date "2010.07.29"]
[Round "7"]
[White "Reinhart,E"]
[Black "Haimovich,T"]
[Result "1/2-1/2"]
[WhiteElo "2336"]
[BlackElo "2427"]
[EventDate "2010.07.23"]

1. e4 e6 2. d4 d5 3. Nd2 Ne7 4. Ngf3 Nd7 5. c3 c5 6. dxc5 Nxc5 7. Qc2 Qc7
8. Be2 Bd7 9. O-O g6 10. exd5 Nxd5 11. Ne4 Bg7 12. Nxc5 Qxc5 13. Qb3 Qc7
14. Nd4 O-O 15. Rd1 Rac8 16. Bf3 Nb6 17. a4 Nc4 18. Nb5 Bxb5 19. axb5 b6
20. Be2 Na5 21. Qb4 Rfd8 22. Rxd8+ Rxd8 23. Bg5 Rd5 24. Bf4 Be5 25. c4 Rd4
26. Bxe5 Qxe5 27. Qc3 Nb3 28. Re1 Nc5 29. Bf3 Qd6 30. b4 Nd3 31. Rd1 e5 32.
Rb1 e4 33. Be2 Nf4 34. Bf1 Nd3 35. Rd1 Qf6 36. Bxd3 exd3 37. h3 Qd8 38. c5
Rd5 39. c6 d2 40. Kf1 h5 41. g3 Rd6 42. Kg1 1/2-1/2

[Event "21st Czech GM Open"]
[Site "Pardubice CZE"]
[Date "2010.07.29"]
[Round "7"]
[White "Rojicek,V"]
[Black "Szablowski,P"]
[Result "1/2-1/2"]
[WhiteElo "2423"]
[BlackElo "2321"]
[EventDate "2010.07.23"]

1. d4 g6 2. e4 Bg7 3. Nf3 d6 4. Nc3 a6 5. a4 Nf6 6. h3 O-O 7. Be3 Nc6 8. d5
Nb8 9. Bc4 e5 10. dxe6 Bxe6 11. Bxe6 fxe6 12. Qe2 Nc6 13. O-O Nh5 14. Qc4
Qe7 15. Qb3 b6 16. Ne2 Na5 17. Qa2 c5 18. Rad1 b5 19. e5 d5 20. b4 cxb4 21.
Bg5 Qd7 22. Rd3 Rxf3 23. Rxf3 Bxe5 24. axb5 Qxb5 25. Re1 Nc4 26. Nc1 Re8
27. Bh6 Ng7 28. Bxg7 Bxg7 29. Ne2 e5 30. Rb3 a5 31. Rd1 a4 32. Rbb1 e4 33.
Nd4 Bxd4 34. Rxd4 Rd8 35. Rbd1 b3 36. cxb3 axb3 37. Qe2 b2 38. Rb1 Rb8 39.
Qd1 Qb3 40. Qg4 Qb7 41. Qg3 Ra8 42. Qc3 Ra3 43. Rxc4 Rxc3 44. Rxc3 d4 45.
Rc2 d3 46. Rcxb2 Qd5 47. Rd2 Kg7 48. Rbd1 Kf6 49. f3 Qc5+ 50. Kf1 e3 51.
Rxd3 Qc2 52. Rxe3 Qxd1+ 53. Re1 Qd3+ 54. Kf2 Kf5 55. Re4 h5 56. h4 Qd2+ 57.
Kg1 Qc1+ 58. Kf2 Qc5+ 59. Kf1 Qa7 60. g3 Qa1+ 61. Re1 Qb2 62. Re2 Qc1+ 63.
Kg2 Qd1 64. Re4 Qc2+ 65. Kg1 Qd2 66. Re8 Qd4+ 67. Kg2 Qb2+ 68. Kg1 Qc1+ 69.
Kg2 Qc2+ 70. Kg1 g5 71. Rf8+ Ke6 72. Re8+ Kf5 73. Rf8+ Ke6 74. Re8+ Kf7 75.
Re4 Qd1+ 76. Kg2 g4 77. Rf4+ Ke6 78. fxg4 hxg4 79. Kh2 Ke5 80. Kg2 Qc2+ 81.
Kg1 Qb1+ 82. Kg2 Qa2+ 83. Kg1 Qa1+ 84. Kg2 Qb2+ 85. Kg1 Qc1+ 86. Kg2 Qd2+
87. Kg1 Qe3+ 88. Kg2 Qe2+ 1/2-1/2

[Event "21st Czech GM Open"]
[Site "Pardubice CZE"]
[Date "2010.07.29"]
[Round "7"]
[White "Zpevak,P"]
[Black "Franciskovic,B"]
[Result "1-0"]
[WhiteElo "2410"]
[BlackElo "2253"]
[EventDate "2010.07.23"]

1. d4 Nf6 2. Nf3 e6 3. g3 c5 4. Bg2 cxd4 5. O-O a6 6. Nxd4 Qc7 7. e4 Nc6 8.
Nc3 Be7 9. Re1 Nxd4 10. Qxd4 d6 11. Bg5 h6 12. Be3 Bd7 13. a4 O-O 14. Qd2
Ng4 15. Bd4 Ne5 16. Red1 Nc4 17. Qc1 b5 18. b3 Ne5 19. Qb2 f6 20. axb5 axb5
21. Ne2 Rfc8 22. c3 Qb7 23. Nf4 Rxa1 24. Rxa1 Ra8 25. Rd1 Kf7 26. Qe2 g6
27. h4 Ra3 28. Bh3 Qc8 29. b4 Qc4 30. Qe3 Qb3 31. Re1 Ra2 32. Bxe5 fxe5 33.
Nd5 Qc2 34. Qf3+ Ke8 35. Nc7+ Kd8 36. Nxe6+ Bxe6 37. Bxe6 Rb2 38. Kg2 Qd2
39. Ra1 Qe2 40. Ra8+ Kc7 41. Ra7+ 1-0

[Event "21st Czech GM Open"]
[Site "Pardubice CZE"]
[Date "2010.07.29"]
[Round "7"]
[White "Shevtsov,N"]
[Black "Nithander,V"]
[Result "1/2-1/2"]
[WhiteElo "2309"]
[BlackElo "2409"]
[EventDate "2010.07.23"]

1. e4 c5 2. Nf3 d6 3. c3 Nf6 4. Bc4 e6 5. Qe2 Be7 6. Bb3 O-O 7. O-O b6 8.
Re1 Ba6 9. d3 Nc6 10. Bf4 Rc8 11. h3 Nd7 12. Na3 Nde5 13. Rad1 Bf6 14. Ba4
Qe7 15. Bb5 Bxb5 16. Nxb5 a6 17. Na3 b5 18. Nc2 c4 19. dxc4 Nxc4 20. Ne3
N6e5 21. Nxe5 Bxe5 22. Bxe5 Nxe5 23. Rd4 Nc6 24. Rd2 Rfd8 25. Red1 Ne5 26.
a4 Rb8 27. axb5 axb5 1/2-1/2

[Event "21st Czech GM Open"]
[Site "Pardubice CZE"]
[Date "2010.07.29"]
[Round "7"]
[White "Klima,L"]
[Black "Linster,P"]
[Result "1-0"]
[WhiteElo "2392"]
[BlackElo "2244"]
[EventDate "2010.07.23"]

1. e4 e6 2. Qe2 c5 3. g3 Nc6 4. Nf3 g6 5. Bg2 Bg7 6. O-O Nge7 7. c3 O-O 8.
Rd1 e5 9. d3 d6 10. Na3 h6 11. Nc2 f5 12. exf5 gxf5 13. d4 cxd4 14. cxd4 e4
15. Nh4 d5 16. Bf4 Kh7 17. Bh3 Qe8 18. b4 Bf6 19. Ng2 Ng6 20. b5 Nce7 21.
Nce3 Bd7 22. a4 a6 23. Rac1 axb5 24. Rc7 Bg7 25. axb5 Bxb5 26. Qh5 Ne5 27.
Bxe5 Qxh5 28. Rxe7 Rf7 29. Bxf5+ Rxf5 30. Rxg7+ Kh8 31. g4 Rxe5 32. gxh5
Kxg7 33. dxe5 Be2 34. Re1 Bxh5 35. Nxd5 Bf3 36. Nh4 1-0

[Event "21st Czech GM Open"]
[Site "Pardubice CZE"]
[Date "2010.07.29"]
[Round "7"]
[White "Kjartansson,G"]
[Black "Antipov,M2"]
[Result "0-1"]
[WhiteElo "2384"]
[BlackElo "2238"]
[EventDate "2010.07.23"]

1. d4 Nf6 2. c4 c6 3. Nf3 d5 4. e3 Bf5 5. Nc3 e6 6. Nh4 Be4 7. f3 Bg6 8.
Qb3 Qb6 9. Nxg6 hxg6 10. Bd2 Nbd7 11. g3 Bd6 12. Kf2 Qxb3 13. axb3 a6 14.
c5 Bc7 15. b4 O-O-O 16. Bd3 e5 17. Kg2 Nf8 18. Be1 N6d7 19. Nd1 exd4 20.
exd4 Ne6 21. Bc3 Rde8 22. Nf2 g5 23. Ng4 g6 24. Rae1 f5 25. Nf2 Bd8 26. Re2
Nf6 27. Rhe1 Kd7 28. Bc2 Bc7 29. Nd3 g4 30. f4 Ne4 31. Nf2 Nxf2 32. Rxf2
Bd8 33. Rh1 Rh3 34. Rd1 Reh8 35. Kg1 Bf6 36. Rdd2 Bg7 37. Bd1 Nc7 38. Bc2
Ne8 39. Rfe2 Nf6 40. Bb1 R8h7 41. Bc2 Rh8 42. Re1 Ne4 43. Rxe4 dxe4 44. Bb3
Kc8 45. Bf7 R3h6 46. Bc4 Rd8 47. Rd1 Bf6 48. d5 Bxc3 49. bxc3 cxd5 50. Bxd5
Kc7 51. c4 Rh7 52. Rd2 e3 53. Re2 Re7 54. Kf1 b5 55. cxb6+ Kxb6 56. Ra2 Rh8
57. Ke1 e2 58. Ra5 Rd8 59. Rc5 Ka7 60. Rc6 Rb8 61. b5 axb5 62. c5 Rd8 63.
Bb3 Re3 64. Bc2 Rc3 0-1

[Event "21st Czech GM Open"]
[Site "Pardubice CZE"]
[Date "2010.07.29"]
[Round "7"]
[White "Shemeakin,A"]
[Black "Sabol,M"]
[Result "0-1"]
[WhiteElo "2281"]
[BlackElo "2371"]
[EventDate "2010.07.23"]

1. Nf3 c5 2. g3 Nc6 3. c4 g6 4. Bg2 Bg7 5. O-O d6 6. Nc3 a6 7. b3 e5 8. Bb2
f5 9. d3 Nf6 10. a3 O-O 11. Rb1 h6 12. Nd2 Rb8 13. Nd5 Nxd5 14. cxd5 Ne7
15. b4 cxb4 16. axb4 Bd7 17. Qb3 Bb5 18. Rbc1 Kh7 19. Nc4 f4 20. Na3 Bd7
21. b5 fxg3 22. hxg3 h5 23. b6 h4 24. Qb4 hxg3 25. Qh4+ Bh6 26. Rc7 Rf4 27.
Qh1 Nc8 28. Bc1 Nxb6 29. Bxf4 exf4 30. Rfc1 Kg7 31. Bf3 Rc8 32. Rxc8 Nxc8
33. Nc4 b5 34. Nd2 Qb6 35. Ne4 Ne7 36. Kg2 Nxd5 37. Qg1 gxf2 38. Qxf2 Ne3+
39. Kh1 d5 40. Nc5 Bf5 41. Qe1 Kh7 42. Nb3 b4 43. Rc5 Bf8 44. Ra5 g5 45.
Qa1 Qh6+ 46. Kg1 Bg7 47. Qe1 g4 0-1

[Event "21st Czech GM Open"]
[Site "Pardubice CZE"]
[Date "2010.07.29"]
[Round "7"]
[White "Zadruzny,N"]
[Black "Raykhman,A"]
[Result "0-1"]
[WhiteElo "2253"]
[BlackElo "2362"]
[EventDate "2010.07.23"]

1. d4 Nf6 2. Nc3 d5 3. Bg5 Nbd7 4. Qd3 c5 5. e4 cxd4 6. Bxf6 Nxf6 7. Qxd4
dxe4 8. Bb5+ Bd7 9. O-O-O Bxb5 10. Nxb5 Qxd4 11. Rxd4 Rc8 12. Nxa7 e5 13.
Rd2 Ra8 14. Nb5 Rxa2 15. Kb1 Ra5 16. Nc7+ Ke7 17. Ne2 Rc5 18. Na8 g6 19.
Nb6 Bh6 20. Rdd1 Rd8 21. Nc3 Rd4 22. Rhe1 Bd2 23. Nca4 Bxe1 0-1

[Event "21st Czech GM Open"]
[Site "Pardubice CZE"]
[Date "2010.07.29"]
[Round "7"]
[White "Hoffmann,Hen"]
[Black "Kosiorek,M"]
[Result "1/2-1/2"]
[WhiteElo "2209"]
[BlackElo "2359"]
[EventDate "2010.07.23"]

1. e4 c5 2. c3 d5 3. exd5 Qxd5 4. d4 e6 5. Nf3 Nf6 6. Be3 cxd4 7. cxd4 Bb4+
8. Nc3 O-O 9. Bd3 b6 10. O-O Qd8 11. Ne4 Nbd7 12. Bg5 Bb7 13. Qe2 Be7 14.
Nc3 h6 15. Bf4 Nh5 16. Be3 Qb8 17. d5 exd5 18. Nd4 Nhf6 19. Bxh6 Re8 20.
Be3 Bc5 21. Qd2 Ne5 22. h3 Nc4 23. Qc1 Nxe3 24. fxe3 Qe5 25. Kh1 Qxe3 26.
Nf5 Qxc1 27. Raxc1 Ne4 28. Nxe4 dxe4 29. Bc4 Rf8 30. a3 a5 31. Rf4 g6 32.
Rg4 Kh7 33. Rh4+ Kg8 34. Rg4 Kh7 35. Rh4+ Kg8 36. Rg4 1/2-1/2

[Event "21st Czech GM Open"]
[Site "Pardubice CZE"]
[Date "2010.07.29"]
[Round "7"]
[White "Kanovsky,D"]
[Black "Galburd,Y"]
[Result "1/2-1/2"]
[WhiteElo "2492"]
[BlackElo "2301"]
[EventDate "2010.07.23"]

1. e4 e6 2. d4 d5 3. Nd2 c5 4. exd5 exd5 5. Ngf3 Nf6 6. Be2 Be7 7. O-O O-O
8. dxc5 Bxc5 9. Nb3 Bb6 10. c3 Re8 11. Nfd4 Nc6 12. Re1 Ne5 13. Bg5 h6 14.
Bh4 Ng6 15. Bg3 Ne4 16. a4 a6 17. a5 Ba7 18. Bf3 Nh4 19. Bxe4 dxe4 20. Qh5
Ng6 21. Nc5 Bxc5 22. Qxc5 Qg5 23. Qxg5 hxg5 24. Ra4 f5 25. Bc7 Ne7 26. Rc4
Bd7 27. Rc5 Rac8 28. Rd1 Nc6 29. Nb5 Re7 30. Bd6 Rf7 31. Nc7 Be8 32. Ne6 g4
33. b4 Rf6 34. Ng5 Rd8 35. Rcd5 Bf7 36. Nxf7 Kxf7 37. Bc5 Rxd5 38. Rxd5 Ke8
39. Kf1 g6 40. Ke2 Re6 41. Bd6 Ne7 42. Bxe7 Kxe7 43. Ke3 Rc6 44. Kd4 Rc8
45. g3 Rh8 46. b5 Rxh2 47. Ke3 Rh1 48. b6 Ra1 49. Rc5 Kd6 50. Kd4 Ra4+ 51.
c4 Ra3 52. Rd5+ Ke6 53. Re5+ Kf6 54. Re8 Rd3+ 55. Kc5 Rd7 56. Rf8+ Ke7 57.
Rh8 Ke6 58. Re8+ 1/2-1/2

[Event "21st Czech GM Open"]
[Site "Pardubice CZE"]
[Date "2010.07.29"]
[Round "7"]
[White "Klenburg,M"]
[Black "Gomes,Mary"]
[Result "1/2-1/2"]
[WhiteElo "2437"]
[BlackElo "2284"]
[EventDate "2010.07.23"]

1. g3 Nf6 2. Bg2 c5 3. e4 Nc6 4. d3 d5 5. Nd2 e6 6. Ngf3 Bd6 7. O-O O-O 8.
Re1 Bc7 9. c3 e5 10. a3 dxe4 11. dxe4 h6 12. Qe2 Be6 13. Nh4 Qd7 14. Nc4
Bxc4 15. Qxc4 Na5 16. Qa2 c4 17. Be3 Rfd8 18. Bf3 Ng4 19. Nf5 Nxe3 20. Nxe3
Qc6 21. Nd5 Bd6 22. Bd1 Kh8 23. Bc2 Bc5 24. Re2 a6 25. Qb1 Nb3 26. Bxb3
cxb3 27. Qd3 b5 28. Qd1 f5 29. Qxb3 fxe4 30. Ne3 Rd3 31. Qf7 Rf8 32. Qh5
Bxe3 33. Rxe3 Qd5 34. Rae1 Rxe3 35. Rxe3 Rf3 36. Kg2 Rxe3 37. fxe3 Qd2+ 38.
Kh3 Qxe3 39. Qxe5 Qf3 40. Qd4 Qh5+ 41. Kg2 Qe2+ 42. Qf2 Qd3 43. Qf8+ Kh7
44. Qf5+ Kh8 45. Qf8+ Kh7 1/2-1/2

[Event "21st Czech GM Open"]
[Site "Pardubice CZE"]
[Date "2010.07.29"]
[Round "7"]
[White "Molnar,P SVK"]
[Black "Seger,R"]
[Result "1/2-1/2"]
[WhiteElo "2297"]
[BlackElo "2429"]
[EventDate "2010.07.23"]

1. Nf3 Nf6 2. c4 g6 3. Nc3 d5 4. cxd5 Nxd5 5. Nxd5 Qxd5 6. g3 Bg7 7. Bg2 c5
8. O-O O-O 9. d3 Nc6 10. Be3 Qd6 1/2-1/2

[Event "21st Czech GM Open"]
[Site "Pardubice CZE"]
[Date "2010.07.29"]
[Round "7"]
[White "Gergel,V"]
[Black "Nurkiewicz,M"]
[Result "0-1"]
[WhiteElo "2295"]
[BlackElo "2428"]
[EventDate "2010.07.23"]

1. d4 Nf6 2. c4 g6 3. Nc3 Bg7 4. e4 d6 5. f4 O-O 6. Nf3 c5 7. d5 e6 8. Be2
exd5 9. cxd5 Re8 10. e5 dxe5 11. fxe5 Ng4 12. Bg5 Qa5 13. O-O Nxe5 14. d6
Be6 15. Nd5 Nbd7 16. Nc7 c4 17. Nxe5 Bxe5 18. Nxe8 Rxe8 19. Be7 Bxb2 20.
Bg4 Bxa1 21. Bxe6 fxe6 22. Qxa1 Rc8 23. Kh1 c3 24. Qe1 Qe5 25. Qf2 Qf5 26.
Qe1 Qd5 27. Qf2 e5 28. Qxa7 c2 29. Bg5 Rf8 30. Rg1 Nc5 31. Be3 Nd3 32. Qa4
c1=Q 0-1

[Event "21st Czech GM Open"]
[Site "Pardubice CZE"]
[Date "2010.07.29"]
[Round "7"]
[White "Borosova,Z"]
[Black "Fedorovsky,M"]
[Result "1/2-1/2"]
[WhiteElo "2266"]
[BlackElo "2423"]
[EventDate "2010.07.23"]

1. e4 c5 2. Nf3 d6 3. d4 cxd4 4. Nxd4 Nf6 5. Nc3 g6 6. Be3 Bg7 7. f3 O-O 8.
Qd2 Nc6 9. O-O-O d5 10. Kb1 Nxd4 11. e5 Nf5 12. exf6 exf6 13. Bc5 d4 14.
Bxf8 Qxf8 15. Nb5 Ne3 16. Re1 f5 17. f4 Qc5 18. c3 Nxf1 19. Re8+ Bf8 20.
Qxd4 Qxd4 21. cxd4 Nd2+ 22. Ka1 Bd7 23. Rxa8 Bxb5 24. Rb8 Ba6 25. Rd1 Ne4
26. d5 Kg7 27. Rd8 Bd6 28. g3 1/2-1/2

[Event "21st Czech GM Open"]
[Site "Pardubice CZE"]
[Date "2010.07.29"]
[Round "7"]
[White "Kutynec,V"]
[Black "Semcesen,D"]
[Result "0-1"]
[WhiteElo "2257"]
[BlackElo "2420"]
[EventDate "2010.07.23"]

1. g4 d5 2. Bg2 c6 3. h3 e5 4. d3 Bd6 5. c4 Ne7 6. Nc3 Be6 7. Nf3 h6 8. Qb3
Nd7 9. cxd5 cxd5 10. d4 e4 11. Nb5 Bb8 12. Nh4 O-O 13. Be3 Nb6 14. Na3 Bd6
15. Nb5 Bb8 16. Na3 a5 17. f4 a4 18. Qb5 Nc6 0-1

[Event "21st Czech GM Open"]
[Site "Pardubice CZE"]
[Date "2010.07.29"]
[Round "7"]
[White "Sarkozy,L"]
[Black "Zwardon,V"]
[Result "1-0"]
[WhiteElo "2373"]
[BlackElo "2247"]
[EventDate "2010.07.23"]

1. e4 c5 2. Nf3 Nc6 3. d4 cxd4 4. Nxd4 Nf6 5. Nc3 g6 6. Nde2 Bg7 7. g3 d6
8. Bg2 h5 9. h3 Bd7 10. O-O Qc8 11. Kh2 h4 12. g4 Bxg4 13. hxg4 Nxg4+ 14.
Kh1 Nce5 15. Nf4 h3 16. Nxh3 Qd7 17. f3 Nf6 18. Kh2 O-O-O 19. Rh1 d5 20.
exd5 Qd6 21. Kg1 Qc5+ 22. Nf2 Rxh1+ 23. Bxh1 Nxd5 24. Nxd5 Rxd5 25. Qe2 Nc4
26. c3 Re5 27. Qf1 Rh5 28. Rb1 Be5 29. f4 Bf6 30. b3 Nd6 31. Bf3 Rh4 32.
Qd3 Qa5 33. Be3 Qxa2 34. c4 Nf5 35. Rd1 1-0

[Event "21st Czech GM Open"]
[Site "Pardubice CZE"]
[Date "2010.07.29"]
[Round "7"]
[White "Strunski,A"]
[Black "Novotny,M1"]
[Result "1-0"]
[WhiteElo "2365"]
[BlackElo "2237"]
[EventDate "2010.07.23"]

1. d4 Nf6 2. c4 e6 3. Nc3 d5 4. cxd5 exd5 5. Bg5 Be7 6. e3 O-O 7. Bd3 Nbd7
8. Nge2 Re8 9. O-O Nf8 10. b4 c6 11. b5 Ne6 12. Bh4 c5 13. dxc5 Nxc5 14.
Nf4 Bg4 15. Be2 Bxe2 16. Ncxe2 Nce4 17. Bg3 Qb6 18. a4 Rad8 19. Nd4 Bb4 20.
Qd3 Bc3 21. Rad1 Qa5 22. Nfe2 Rc8 23. Rc1 Rc4 24. Nxc3 Nxc3 25. Nf5 Nxa4
26. Rxc4 Nb2 27. Ne7+ Kh8 28. Qd4 dxc4 29. Nf5 Qxb5 30. Nd6 Qb6 31. Qxb6
axb6 32. Nxe8 Nxe8 33. Rb1 Nd3 34. Ra1 Nf6 35. Ra8+ Ng8 36. Rc8 b5 37. Kf1
b4 38. Rxc4 b3 39. Rc3 b2 40. Rb3 Ne7 41. Rxb7 Nc6 42. Rb3 h6 43. f3 Kh7
44. Be1 Nce5 45. Bc3 Nc4 46. Rb8 Kg6 47. g3 f6 48. e4 Kg5 49. Ke2 Nc1+ 50.
Kd1 Nd3 51. Kc2 Na3+ 52. Kxd3 1-0

[Event "21st Czech GM Open"]
[Site "Pardubice CZE"]
[Date "2010.07.29"]
[Round "7"]
[White "Mattick,L"]
[Black "Kulovana,E"]
[Result "1/2-1/2"]
[WhiteElo "2248"]
[BlackElo "2362"]
[EventDate "2010.07.23"]

1. d4 d5 2. Nf3 Nf6 3. c4 c6 4. e3 Bf5 5. Nc3 e6 6. Bd3 Bxd3 7. Qxd3 Nbd7
8. O-O Bb4 9. a3 Bxc3 10. bxc3 O-O 11. Rb1 Qc7 12. Nd2 e5 13. cxd5 cxd5 14.
c4 e4 15. Qb3 dxc4 16. Qxb7 Qxb7 17. Rxb7 Nb6 18. f3 exf3 19. gxf3 Rfb8 20.
Rxb8+ Rxb8 21. Ne4 Nxe4 22. fxe4 c3 23. Rf5 g6 24. Rb5 Rc8 25. Rb4 f6 26.
Kf2 Kf7 27. Ke2 Rc7 28. Kd3 f5 29. exf5 gxf5 30. Rb5 Ke6 31. e4 fxe4+ 32.
Kxe4 Rf7 33. Rc5 Rf2 34. Rc6+ Kd7 35. Rxc3 Rxh2 36. Bf4 Re2+ 37. Kf3 Nd5
38. Rb3 Nxf4 39. Kxf4 Re7 1/2-1/2

[Event "21st Czech GM Open"]
[Site "Pardubice CZE"]
[Date "2010.07.29"]
[Round "7"]
[White "Geske,J"]
[Black "Miskulin,D"]
[Result "1-0"]
[WhiteElo "2348"]
[BlackElo "2231"]
[EventDate "2010.07.23"]

1. e4 c5 2. Nf3 d6 3. d4 cxd4 4. Nxd4 Nf6 5. Nc3 a6 6. Bg5 e6 7. f4 Qb6 8.
Qd3 Qxb2 9. Rb1 Qa3 10. f5 Nc6 11. fxe6 fxe6 12. Nxc6 bxc6 13. Be2 Be7 14.
Bh5+ g6 15. e5 Nd5 16. Nxd5 Qa5+ 17. c3 Bxg5 18. Bxg6+ Kd8 19. Qg3 Qxd5 20.
Qxg5+ Kc7 21. O-O Qxe5 22. Rf7+ Bd7 23. Qxe5 dxe5 24. Bxh7 Rhf8 25. Rbf1
Rxf7 26. Rxf7 Kd6 27. g4 c5 28. g5 Bc6 29. Bc2 e4 30. Kf2 Rb8 31. g6 Rb2
32. g7 Rxc2+ 33. Kg1 1-0

[Event "21st Czech GM Open"]
[Site "Pardubice CZE"]
[Date "2010.07.29"]
[Round "7"]
[White "Adamek,J"]
[Black "Vrana,J"]
[Result "0-1"]
[WhiteElo "2244"]
[BlackElo "2346"]
[EventDate "2010.07.23"]

1. d4 d5 2. Nf3 Nf6 3. g3 e6 4. Bg2 Be7 5. O-O O-O 6. c4 dxc4 7. Qa4 a6 8.
Qxc4 b5 9. Qc2 Bb7 10. Bg5 Nbd7 11. Nc3 c5 12. dxc5 Bxc5 13. Bxf6 Nxf6 14.
Ng5 Bxg2 15. Kxg2 Rc8 16. Qb3 Qb6 17. a4 b4 18. Nce4 Qc6 19. Qf3 Be7 20.
Rfc1 Qd5 21. Rd1 Qe5 22. Rab1 Nd5 23. Nh3 f5 24. Nd2 g5 25. Qd3 g4 26. Ng1
Rfd8 27. Nc4 Qc7 28. Ne3 Nf4+ 29. gxf4 Rxd3 30. Rxd3 Qxf4 31. Rbd1 h5 32.
h3 Bh4 33. Rf1 Kf7 34. Nd1 Rg8 35. Kh1 g3 0-1

[Event "21st Czech GM Open"]
[Site "Pardubice CZE"]
[Date "2010.07.29"]
[Round "7"]
[White "Nilsson,S"]
[Black "Kolmakov,P"]
[Result "1-0"]
[WhiteElo "2342"]
[BlackElo "2213"]
[EventDate "2010.07.23"]

1. e4 c5 2. Nf3 d6 3. d4 cxd4 4. Nxd4 Nf6 5. Nc3 a6 6. Bc4 e6 7. O-O b5 8.
Bb3 b4 9. Na4 Bd7 10. Re1 Nc6 11. f4 Qc7 12. c3 bxc3 13. Nxc6 cxb2 14. Bxb2
Bxc6 15. Rc1 Qb7 16. Bd4 Bxe4 17. Nb6 Be7 18. Ba4+ Kf8 19. Nxa8 Qxa8 20.
Rxe4 Nxe4 21. Bc6 Qb8 22. Bxe4 1-0

[Event "21st Czech GM Open"]
[Site "Pardubice CZE"]
[Date "2010.07.29"]
[Round "7"]
[White "Heidrich,Man"]
[Black "Hansch,T"]
[Result "1-0"]
[WhiteElo "2329"]
[BlackElo "2163"]
[EventDate "2010.07.23"]

1. e4 c5 2. c3 d5 3. exd5 Qxd5 4. d4 Nc6 5. Nf3 Bg4 6. dxc5 Qxc5 7. Be2 e6
8. O-O Nf6 9. h3 Bh5 10. Na3 Be7 11. Qb3 b6 12. Be3 Qd6 13. Rad1 Qc7 14.
Nb5 Qb7 15. Nd6+ Bxd6 16. Rxd6 O-O 17. Qa4 Ne7 18. Ba6 Qc7 19. Bf4 Qc5 20.
g4 Bg6 21. Rfd1 Be4 22. Ne5 Bd5 23. Nd3 Qa5 24. Qxa5 bxa5 25. c4 Bf3 26.
Re1 Ng6 27. Re3 Be4 28. Bg3 Rfd8 29. f3 Rxd6 30. Bxd6 Rd8 31. c5 Bc6 32.
Bc7 Rd4 33. Bxa5 Ra4 34. b4 Nd5 35. Re2 Nxb4 36. Nxb4 Rxa5 37. Nxc6 Rxa6
38. Nb4 Ra4 39. Rb2 Ne7 40. Nd5 1-0

[Event "21st Czech GM Open"]
[Site "Pardubice CZE"]
[Date "2010.07.29"]
[Round "7"]
[White "Umudova,N"]
[Black "Panteleev,P"]
[Result "1/2-1/2"]
[WhiteElo "2239"]
[BlackElo "2329"]
[EventDate "2010.07.23"]

1. e4 e5 2. Nf3 Nc6 3. Bb5 Nf6 4. O-O Nxe4 5. Re1 Nd6 6. Nxe5 Nxe5 7. Rxe5+
Be7 8. Bf1 O-O 9. d4 Bf6 10. Re1 Nf5 11. c3 d5 12. Bd3 c6 13. Nd2 Nh4 14.
g3 Bf5 15. Bxf5 Nxf5 16. Nf3 Re8 17. Bf4 Ne7 18. Qd2 Ng6 19. Rxe8+ Qxe8 20.
Re1 Qd7 21. Bg5 Bxg5 22. Qxg5 f6 23. Qe3 Kf7 24. Kg2 Re8 25. Qxe8+ Qxe8 26.
Rxe8 Kxe8 27. Ne1 Ne7 28. Nd3 Nc8 29. Kf3 Nd6 30. h4 g6 31. g4 Ke7 32. Kf4
h6 33. h5 g5+ 34. Ke3 Nc4+ 1/2-1/2

[Event "21st Czech GM Open"]
[Site "Pardubice CZE"]
[Date "2010.07.29"]
[Round "7"]
[White "Jasny,S"]
[Black "Khalafova,N"]
[Result "1-0"]
[WhiteElo "2323"]
[BlackElo "2063"]
[EventDate "2010.07.23"]

1. e4 c5 2. Nf3 Nc6 3. d4 cxd4 4. Nxd4 Nf6 5. Nc3 e5 6. Ndb5 d6 7. Bg5 a6
8. Na3 b5 9. Nd5 Be7 10. Bxf6 Bxf6 11. c3 Ne7 12. Nxf6+ gxf6 13. Be2 Bb7
14. Bf3 d5 15. exd5 Bxd5 16. Nc2 O-O 17. Ne3 Bxf3 18. Qxf3 Qd6 19. O-O Qe6
20. a4 bxa4 21. Rxa4 f5 22. Rfa1 Rfb8 23. b4 Kh8 24. Qe2 Qc8 25. c4 Qc6 26.
c5 Qb5 27. Qh5 Ng6 28. Qxf5 Kg7 29. g3 Qc6 30. Nc4 Re8 31. Nd6 Re7 32. h4
Kh8 33. Qf6+ Kg8 34. h5 1-0

[Event "21st Czech GM Open"]
[Site "Pardubice CZE"]
[Date "2010.07.29"]
[Round "7"]
[White "Borisenko,V"]
[Black "Kersten,U"]
[Result "1-0"]
[WhiteElo "2226"]
[BlackElo "2319"]
[EventDate "2010.07.23"]

1. e4 c5 2. Nf3 e6 3. c3 Nf6 4. d3 Nc6 5. Be2 d5 6. e5 Nd7 7. d4 f6 8. exf6
Nxf6 9. O-O Bd6 10. Be3 cxd4 11. cxd4 O-O 12. Nc3 Nh5 13. Re1 Nf4 14. Bf1
Bd7 15. g3 Nh5 16. Ne5 Bxe5 17. dxe5 Be8 18. Bc5 Rf5 19. Bh3 Qg5 20. Bxf5
Qxf5 21. f4 Rc8 22. Nb5 Qg6 23. Qf3 Nb8 24. f5 exf5 25. Qxd5+ Kh8 26. Nxa7
Bc6 27. Nxc6 Nxc6 28. Qf3 Nd8 29. Bf2 Ne6 30. Rac1 Re8 31. Kh1 h6 32. Rc4
Ng5 33. Qxb7 f4 34. Qc6 Re6 35. Qg2 f3 36. Qf1 Nf7 37. g4 Rxe5 38. Rxe5
Nxe5 39. gxh5 Qg2+ 40. Qxg2 fxg2+ 41. Kxg2 Nxc4 42. b3 1-0

[Event "21st Czech GM Open"]
[Site "Pardubice CZE"]
[Date "2010.07.29"]
[Round "7"]
[White "Stips,F"]
[Black "Cerveny,M"]
[Result "0-1"]
[WhiteElo "2206"]
[BlackElo "2318"]
[EventDate "2010.07.23"]

1. d4 d5 2. c4 c6 3. cxd5 cxd5 4. Nc3 Nc6 5. Bf4 e5 6. dxe5 d4 7. Ne4 Qa5+
8. Nd2 Nge7 9. a3 Nd5 10. Bg3 Ne3 11. fxe3 dxe3 12. Ngf3 exd2+ 13. Nxd2 Be6
14. b4 Qb6 15. e4 Rd8 16. Bf2 Qc7 17. Qc1 Qxe5 18. Bc4 Qg5 19. Bxe6 fxe6
20. Qc3 Be7 21. Nf3 Qb5 22. Qxg7 Rf8 23. Bc5 Bxc5 24. bxc5 Qxc5 25. Qg5
Qc3+ 26. Kf2 Rd2+ 27. Kg3 Rxg2+ 0-1

[Event "21st Czech GM Open"]
[Site "Pardubice CZE"]
[Date "2010.07.28"]
[Round "6"]
[White "Rakhmanov,Ale"]
[Black "Tikkanen,H"]
[Result "1/2-1/2"]
[WhiteElo "2590"]
[BlackElo "2469"]
[EventDate "2010.07.23"]

1. d4 d5 2. c4 c6 3. cxd5 cxd5 4. Nf3 Nf6 5. Nc3 Nc6 6. Bf4 Nh5 7. Be5 f6
8. Bg3 e5 9. e3 Nxg3 10. hxg3 Bb4 11. Rc1 O-O 12. Be2 Be6 13. a3 Bxc3+ 14.
Rxc3 Rc8 15. Qc2 e4 16. Nd2 Ne7 17. Nb3 b6 18. Rxc8 Qxc8 19. Qxc8 Rxc8 20.
Kd2 g6 21. Nc1 h5 22. Na2 Kf7 23. Nc3 Bd7 24. Bd1 f5 25. Be2 Ke6 26. f3 Kd6
27. Rh4 Rf8 28. Nb5+ Bxb5 29. Bxb5 Ng8 30. Rh1 Rc8 31. Ba6 Rc7 32. b4 Nf6
33. a4 Ne8 34. Be2 Ke6 35. g4 hxg4 36. fxg4 Nd6 37. gxf5+ Kxf5 38. Rf1+ Ke6
39. Bg4+ Ke7 40. Rh1 Kf6 41. Rf1+ Ke7 42. Rh1 Kf6 43. Rf1+ Ke7 1/2-1/2

[Event "21st Czech GM Open"]
[Site "Pardubice CZE"]
[Date "2010.07.28"]
[Round "6"]
[White "Gabrielian,A"]
[Black "Zaslavsky,M"]
[Result "0-1"]
[WhiteElo "2559"]
[BlackElo "2413"]
[EventDate "2010.07.23"]

1. e4 c5 2. Nf3 Nc6 3. d4 cxd4 4. Nxd4 Nf6 5. Nc3 e5 6. Ndb5 d6 7. Bg5 a6
8. Na3 b5 9. Nd5 Be7 10. Bxf6 Bxf6 11. c4 b4 12. Nc2 O-O 13. g3 a5 14. Bg2
Bg5 15. O-O Ne7 16. Nde3 Bxe3 17. Nxe3 Be6 18. Qd3 Qd7 19. Rad1 Rfd8 20. f4
f6 21. fxe5 dxe5 22. Qxd7 Bxd7 23. Rd6 Nc6 24. Nd5 Nd4 25. a3 b3 26. Kf2
Bc6 27. Rxd8+ Rxd8 28. Ke3 Kf7 29. g4 h6 30. h4 Ne6 31. Bf3 Nf4 32. Bd1 a4
33. Bf3 Ne6 34. Be2 Bxd5 35. cxd5 Nd4 36. Rc1 Nc2+ 37. Kd2 Ke7 38. Bb5 Kd6
39. Bxa4 Nd4 40. Bc6 h5 41. gxh5 Rh8 42. a4 Rxh5 43. a5 Rxh4 44. a6 Rh2+
45. Kd3 Rh3+ 46. Kc4 Nxc6 47. dxc6 Kxc6 48. Ra1 Rh8 49. Kxb3 Kb6 50. Kb4
Rd8 51. b3 Rd7 52. Kc4 Rd4+ 53. Kc3 Rd7 54. Kc4 Ra7 55. Kd5 Rxa6 56. Rxa6+
Kxa6 57. Kc6 Ka5 58. Kc5 g5 59. b4+ Ka4 60. b5 g4 61. b6 g3 62. b7 g2 63.
b8=Q g1=Q+ 64. Kd5 Qd4+ 65. Ke6 Qxe4 66. Kxf6 Qf3+ 67. Ke6 e4 68. Qa8+ Kb4
69. Qc6 Qg4+ 70. Kd5 Qf5+ 71. Kd4 Qf2+ 72. Ke5 Qg3+ 73. Kf5 e3 74. Qc1 Qf3+
75. Ke5 e2 76. Qb2+ Kc4 77. Qa2+ Kb5 78. Qb2+ Kc6 79. Qc2+ Kd7 80. Qh7+ Ke8
81. Qh8+ Qf8 82. Qh5+ Kd8 83. Kd4 Qd6+ 84. Kc4 e1=Q 0-1

[Event "21st Czech GM Open"]
[Site "Pardubice CZE"]
[Date "2010.07.28"]
[Round "6"]
[White "Kasparov,S"]
[Black "Zakhartsov,Vi"]
[Result "1/2-1/2"]
[WhiteElo "2492"]
[BlackElo "2608"]
[EventDate "2010.07.23"]

1. d4 d5 2. c4 c6 3. cxd5 cxd5 4. Nf3 Nf6 5. Nc3 Nc6 6. Bf4 Bf5 7. e3 e6 8.
Bd3 Bxd3 9. Qxd3 Bd6 10. Bxd6 Qxd6 11. O-O O-O 12. Rfc1 Rfc8 13. h3 1/2-1/2